Korean investments in V4 countries: past, present and trends for future

Internacionalizácia kórejských korporácií. Vývoj kórejských PZI do V4 a odhad ich budúceho vývoja.

Salvato in:
Dettagli Bibliografici
Autore principale: Dudáš, Tomáš, 1976-
Natura: Capitolo di libro
Lingua:inglese
Soggetti:
Tags: Aggiungi Tag
Nessun Tag, puoi essere il primo ad aggiungerne!!

MARC

LEADER 00000naa$a2200000$$$4500
001 0213135
005 20240502073539.6
041 0 |a eng 
044 |a SK 
245 1 0 |a Korean investments in V4 countries: past, present and trends for future  |c Tomáš Dudáš 
520 |a Internacionalizácia kórejských korporácií. Vývoj kórejských PZI do V4 a odhad ich budúceho vývoja. 
610 2 0 |a Južná Kórea 
610 2 0 |a investície priame zahraničné 
610 2 0 |a Vyšehradská štvorka 
610 2 0 |a priemysel automobilový 
610 2 0 |a elektronika spotrebná 
100 1 |a Dudáš, Tomáš, 1976-